| Tag |
First Indicator |
Second Indicator |
Subfields |
| LEADER |
00000cas a2200000 a 4500 |
| 001 |
in00002127708 |
| 005 |
20151103065013.0 |
| 006 |
m d |
| 007 |
cr cnu-------- |
| 008 |
050628c20069999nyuqr pss 0 0eng c |
| 010 |
|
|
|a 2005212390
|
| 022 |
0 |
|
|a 1556-6048
|y 1556-603X
|
| 029 |
1 |
|
|a OCLCS
|b OP-2201
|
| 035 |
|
|
|a (OCoLC)ocm60755430
|
| 037 |
|
|
|b B. Hagen c/o IEEE, 445 Hoes Lane, Piscataway, NJ 08855
|
| 040 |
|
|
|a NSD
|c NSD
|d NSD
|d HNK
|d MYG
|d DLC
|d MUQ
|d TXA
|d UtOrBLW
|
| 042 |
|
|
|a lcd
|
| 049 |
|
|
|a TXAM
|
| 050 |
1 |
4 |
|a Q342
|b .I344 Electronic
|
| 130 |
0 |
|
|a IEEE computational intelligence magazine (Online)
|
| 245 |
1 |
0 |
|a IEEE computational intelligence magazine.
|
| 246 |
3 |
0 |
|a Computational intelligence magazine
|
| 246 |
3 |
|
|a Institute of Electrical and Electronics Engineers computational intelligence magazine
|
| 246 |
1 |
3 |
|a CIM
|
| 263 |
|
|
|a 0603
|
| 264 |
|
1 |
|a New York, NY :
|b IEEE Computational Intelligence Society,
|c 2006-
|
| 310 |
|
|
|a Quarterly
|
| 336 |
|
|
|a text
|b txt
|2 rdacontent
|
| 337 |
|
|
|a computer
|b c
|2 rdamedia
|
| 338 |
|
|
|a online resource
|b cr
|2 rdacarrier
|
| 362 |
0 |
|
|a Vol. 1, no. 1 (Feb. 2006)-
|
| 500 |
|
|
|a Title from journal home page (IEEE Xplore, viewed Mar. 20, 2006).
|
| 500 |
|
|
|a Published by: IEEE Computational Intelligence Society.
|
| 515 |
|
|
|a Vol. 1, no. 1 (Feb. 2006) also called inaugural issue.
|
| 530 |
|
|
|a Also issued in print
|
| 538 |
|
|
|a Mode of access: World Wide Web.
|
| 500 |
|
|
|a Electronic resource.
|
| 650 |
|
0 |
|a Computational intelligence
|v Periodicals.
|
| 650 |
|
6 |
|a Intelligence informatique
|v Périodiques.
|
| 710 |
2 |
|
|a IEEE Computational Intelligence Society.
|
| 776 |
1 |
|
|t IEEE computational intelligence magazine
|x 1556-603X
|w (DLC) 2005212391
|w (OCoLC)60755430
|
| 948 |
|
|
|a cataloged
|b h
|c 2006/5/4
|d c
|e pbump
|
| 994 |
|
|
|a C0
|b TXA
|
| 999 |
|
|
|a MARS
|
| 999 |
f |
f |
|s c347fc74-c313-3524-b3af-1064ca98837b
|i c0e5b3ce-16cf-3e06-943a-b96db44233b8
|t 0
|
| 952 |
f |
f |
|a Texas A&M University
|b College Station
|c Electronic Resources
|d Available Online
|t 0
|e Q342 .I344
|g Electronic
|h Library of Congress classification
|
| 998 |
f |
f |
|a Q342 .I344
|t 0
|l Available Online
|